Zusammenhänge zwischen selbstbezogenen Kognitionen und Wahrnehmungsdifferenzierungen im Jugendalter

Saved in:  
Bibliographic Details
Main Author: Olk, Beate (Author)
Format: Print Book
Language:German
Published: [Erscheinungsort nicht ermittelbar] 1984
In:Year: 1984
Check availability: HBZ Gateway
Subito Delivery Service: Order now.
Keywords:

MARC

LEADER 00000cam a2200000 c 4500
001 1621864073
003 DE-627
005 20260206204848.0
007 tu
008 860911s1984 xx ||||| m 00| ||ger c
015 |a 86,H07,0045  |2 dnb 
016 7 |a 860651339  |2 DE-101 
035 |a (DE-627)1621864073 
035 |a (DE-603)005109701 
035 |a (DE-576)012149764 
035 |a (DE-599)DNB860651339 
035 |a (OCoLC)74787015 
040 |a DE-627  |b ger  |c DE-627  |e rakwb 
041 |a ger 
100 1 |a Olk, Beate  |4 aut 
245 1 0 |a Zusammenhänge zwischen selbstbezogenen Kognitionen und Wahrnehmungsdifferenzierungen im Jugendalter  |c Beate Olk 
264 1 |a [Erscheinungsort nicht ermittelbar]  |c 1984 
300 |a 135, 8 S.  |b graph. Darst. 
336 |a Text  |b txt  |2 rdacontent 
337 |a ohne Hilfsmittel zu benutzen  |b n  |2 rdamedia 
338 |a Band  |b nc  |2 rdacarrier 
502 |a Mainz, Univ., Diss., 1984 
583 1 |a Archivierung/Langzeitarchivierung gewährleistet  |f SLG  |z Mainzer Hochschulschriften und Uni-Verlag  |2 pdager  |5 DE-77 
650 0 7 |0 (DE-588)4031630-0  |0 (DE-627)104799021  |0 (DE-576)208993614  |a Kognition  |2 gnd 
650 0 7 |0 (DE-588)4028859-6  |0 (DE-627)104419199  |0 (DE-576)208979859  |a Jugend  |2 gnd 
650 0 7 |0 (DE-588)4077349-8  |0 (DE-627)106080431  |0 (DE-576)20920480X  |a Selbstbild  |2 gnd 
650 0 7 |0 (DE-588)4064317-7  |0 (DE-627)106124315  |0 (DE-576)209152699  |a Wahrnehmung  |2 gnd 
655 7 |a Hochschulschrift  |0 (DE-588)4113937-9  |0 (DE-627)105825778  |0 (DE-576)209480580  |2 gnd-content 
689 0 0 |d s  |0 (DE-588)4064317-7  |0 (DE-627)106124315  |0 (DE-576)209152699  |a Wahrnehmung  |2 gnd 
689 0 1 |d s  |0 (DE-588)4031630-0  |0 (DE-627)104799021  |0 (DE-576)208993614  |a Kognition  |2 gnd 
689 0 2 |d s  |0 (DE-588)4077349-8  |0 (DE-627)106080431  |0 (DE-576)20920480X  |a Selbstbild  |2 gnd 
689 0 3 |d s  |0 (DE-588)4028859-6  |0 (DE-627)104419199  |0 (DE-576)208979859  |a Jugend  |2 gnd 
689 0 |5 (DE-627) 
751 |a Mainz  |0 (DE-588)4037124-4  |0 (DE-627)106239201  |0 (DE-576)209022329  |4 uvp 
935 |h HEB  |i 0501 
935 |h HEB  |i 0503 
951 |a BO 
ELC |b 1 
LOK |0 000 xxxxxcx a22 zn 4500 
LOK |0 001 3242730429 
LOK |0 003 DE-627 
LOK |0 004 1621864073 
LOK |0 005 20180118120022 
LOK |0 008 180118||||||||||||||||ger||||||| 
LOK |0 040   |a DE-21-110  |c DE-627  |d DE-21-110 
LOK |0 689   |a s  |a Selbstbild 
LOK |0 852   |z Kein Bestand am IfK; Nachweis für KrimDok 
LOK |0 852   |a DE-21-110 
LOK |0 852 1  |m v  |9 00 
LOK |0 935   |a k110 
LOK |0 938   |k v 
LOK |0 939   |a 18-01-18  |b l01 
ORI |a SA-MARC-krimdoka001.raw